Liedtext-König der Löwen-Hakuna Matata - Statistiken

Allgemein
  • Dieses Quiz wurde 277 mal gespielt
  • Das Durchschnittsergebnis liegt bei 121 aus 175
Antwortstatistiken
Antwort % Korrekt
hahaha
100%
die
99%
Hakuna
99%
(Hakuna
99%
Matata
99%
matata
99%
Matata)
99%
-tata
99%
ich
96%
Ich
96%
so
96%
gern
93%
sag
93%
Diesen
92%
Sorgen
92%
fern
91%
immer
91%
Spruch
91%
bleiben
90%
dir
90%
Es
90%
uns
89%
er
88%
Er
88%
heißt
88%
kein
87%
modern
87%
Philosophie
86%
als
85%
keiner
85%
Keiner
85%
nimmt
85%
Gilt
75%
stets
71%
ein
61%
Ein
61%
war
59%
auch
56%
Auch
56%
Schweiiiiiin
56%
Schwein
56%
kleines
55%
und
54%
das
49%
den
49%
Sie
49%
ja
44%
Was
42%
nicht
40%
oh
40%
Oh
40%
Qual
40%
bin
37%
Duft
37%
sein
36%
dicke
35%
Fluch
35%
katastrophal
35%
lieblicher
35%
Luft
35%
nur
35%
anderen
34%
doch
34%
schon
34%
vor
34%
Geruch
32%
Kindern
31%
Sensibelchen
31%
flüchteten
30%
kam
30%
trotz
30%
musste
29%
tat
28%
weh
28%
dem
26%
fressen
26%
Grazie
26%
ewige
24%
Kleiner
23%
Pumbaa
23%
Von
23%
für´ne
22%
los
22%
noch
22%
Skandal
21%
ständigen
21%
tschuldigung
21%
allen
20%
Hupen
20%
mal
20%
Bravo
19%
Muts
18%
Sag´s
16%
leg
15%
Nein
14%
Yeah
13%
Ach
12%
Tja
8%
Keine übereinstimmenden Quizze gefunden
Verteilung der Resultate
Anzahl Personen mit jedem Resultat
Perzentil nach korrekt beantworteten Fragen
Ihre Resultats-Entwicklung
Sie haben dieses Quiz noch nicht gespielt